Capitales d'Asie - Statistiques

Statistiques générales
  • Ce quiz a été pris 1 651 fois
    1 628 depuis la dernière actualisation
  • Le résultat moyen est 31 sur 48
Statistiques - réponses
Pays Capitales % Correct
Chine Pékin
93%
Japon Tokyo
93%
Corée du Sud Séoul
92%
Israël Jérusalem
89%
Afghanistan Kaboul
87%
Inde New Delhi
86%
Singapour Singapour
86%
Turquie Ankara
83%
Corée du Nord Pyongyang
82%
Irak Bagdad
80%
Thaïlande Bangkok
79%
Indonésie Jakarta
79%
Arabie Saoudite Riyad
79%
Iran Téhéran
78%
Liban Beyrouth
76%
Koweït Koweït
76%
Syrie Damas
73%
Philippines Manille
73%
Qatar Doha
72%
Émirats Arabes Unis Abou Dabi
70%
Vietnam Hanoï
70%
Pakistan Islamabad
70%
Mongolie Oulan-Bator
70%
Arménie Erevan
68%
Azerbaïdjan Bakou
67%
Taïwan Taipei
65%
Népal Katmandou
64%
Malaisie Kuala Lumpur
63%
Bangladesh Dacca
61%
Géorgie Tbilissi
60%
Jordanie Amman
59%
Yémen Sanaa
58%
Kazakhstan Astana
53%
Maldives Malé
53%
Cambodge Phnom Penh
53%
Laos Vientiane
50%
Kirghizistan Bichkek
46%
Timor-Oriental Dili
46%
Bahreïn Manama
46%
Ouzbékistan Tachkent
46%
Oman Mascate
45%
Turkménistan Achgabat
39%
Tadjikistan Douchanbé
39%
Bhoutan Thimphou
39%
Birmanie Naypyidaw
31%
Palestine Jérusalem-Est
28%
Brunei Bandar Seri Begawan
27%
Sri Lanka Sri Jayawardenapura
24%
Aucun quiz correspondant
Distribution des résultats
% des personnes avec chaque résultat
Percentile par nombre de réponses
Votre historique - résultats
Vous n’avez pas pris ce quiz depuis la dernière actualisation